000 00882njm a22002417a 4500
005 2010083006186.0
006 a|||||r|||||00| 0
007 sd ammalaaahaa
008 100830t xxu||||| |||| 00| 0 eng d
028 _aN 15903
_bHis Master's Voice
028 _aOML 4685
035 _aGR-00018
040 _aSED
_cSED
245 _aFlute solo - hindol Bahar /
_csung by D. Amel
_h[sound recording] :
260 _aDum Dum, India
_bHis Master's Voice
300 _a1 sound disc[Gramophone Recording] :
_banalog 33 1/3 rpm
_c9.5 in. (MP)
_fGramophone Record
500 _aBreif Record
505 _aFlute solo (Hindol Bahar) -- Flute solo (Thumro Mishr Pilu)
650 _aClassical music
_zIndia
_917500
_xExcerpts
700 _aAmel, D.
_917501
942 _2ddc
_cGR
999 _c43133
_d43133